000 01027nam a22003257a 4500
003 CHAP
005 20220329135419.0
008 971013c19711966 r 00010 d
010 _a36051
011 _a37023
035 _a41142
040 _cCHAP
082 _a551.5
_bO75
110 _aOrganización Meteorológica Mundial
_983552
245 _aClimatic change
260 _aGeneva :
_bOMM,
_c1971 (c.1966)
300 _a79 p.
_b; gráfs.
490 _aTechnical note
_v; 79
590 _aBATCH-UPD
_b10
_c20130110
_lUCH01
_h1351
590 _aBATCH-UPD
_b10
_c20130410
_lUCH01
_h0847
590 _aBATCH-UPD
_b10
_c20130914
_lUCH01
_h0949
590 _aCONVERSION
_b10
_c20130109
_lUCH01
_h1320
650 1 4 _aClimatología.
_923864
700 0 _aMitchell, J. M.
_976229
830 0 _aTechnical note
_v; 79
_9111897
901 _aBK
942 _cLIBRO
949 _a551.5 O75
_bBC
_cLIBRO
_d33724000241675
_eLIBRO
_fc.2
_h54386
_i41142
_si
_t192.00
949 _a551.5 O75
_bBC
_cLIBRO
_d33724000241683
_eLIBRO
_h54385
_i41142
_si
_t192.00
999 _c36051
_d36051